Normal view MARC view

Entry Personal Name

Number of records used in: 8

001 - CONTROL NUMBER

  • control field: 3112

003 - CONTROL NUMBER IDENTIFIER

  • control field: DLC

005 - DATE AND TIME OF LATEST TRANSACTION

  • control field: 20220827110620.0

008 - FIXED-LENGTH DATA ELEMENTS

  • fixed length control field: 790702n| azannaabn |a aaa

010 ## - LIBRARY OF CONGRESS CONTROL NUMBER

  • LC control number: n 79069561

035 ## - SYSTEM CONTROL NUMBER

  • System control number: (OCoLC)oca00302384

040 ## - CATALOGING SOURCE

  • Original cataloging agency: DLC
  • Language of cataloging: eng
  • Description conventions: rda
  • Transcribing agency: DLC
  • Modifying agency: Uk
  • Modifying agency: DLC-ON
  • Modifying agency: DLC
  • Modifying agency: DLC

046 ## - SPECIAL CODED DATES

  • Birth date: 1951
  • Source of date scheme: edtf

100 1# - HEADING--PERSONAL NAME

  • Personal name: Veluthat, Kesavan,
  • Dates associated with a name: 1951-

370 ## - ASSOCIATED PLACE

  • Other associated place: New Delhi (India)
  • Source of term: naf

372 ## - FIELD OF ACTIVITY

  • Field of activity: History
  • Field of activity: College teaching
  • Source of term: lcsh

373 ## - ASSOCIATED GROUP

  • Associated group: University of Delhi
  • Source of term: naf

374 ## - OCCUPATION

  • Occupation: University and college faculty members
  • Source of term: lcdgt

375 ## - GENDER

  • Gender: Males
  • Source of term: lcdgt

377 ## - ASSOCIATED LANGUAGE

  • Language code: eng

400 0# - SEE FROM TRACING--PERSONAL NAME

  • Personal name: Kesavan Veluthat,
  • Dates associated with a name: 1951-

400 1# - SEE FROM TRACING--PERSONAL NAME

  • Personal name: Veḷuttāṭṭ, Keśavan,
  • Dates associated with a name: 1951-

670 ## - SOURCE DATA FOUND

  • Source citation: His Brahman settlements in Kerala, 1978:
  • Information found: t.p. (Kesavan Veluthat) jkt. (b. 1951; M. A.; teach. hist., Govt. Arts & Sc. Col., Calicut)

670 ## - SOURCE DATA FOUND

  • Source citation: State and society in pre-modern South India, 2002:
  • Information found: t.p. (Kesavan Veluthat) p. 4 of cover (teaches hist., Mangalore U., Karnataka)

670 ## - SOURCE DATA FOUND

  • Source citation: Mahiṣaśatakam, 2011:
  • Information found: t.p. (Keśavan Veḷuttāṭṭ) jkt. (currently, prof. of Hist., Delhi U.)

Powered by Koha